Advanced analytics methodologies : (Record no. 305290)
[ view plain ]
| 000 -LEADER | |
|---|---|
| fixed length control field | 01247cam a2200361 i 4500 |
| 001 - CONTROL NUMBER | |
| control field | 18188936 |
| 003 - CONTROL NUMBER IDENTIFIER | |
| control field | SISC |
| 005 - DATE AND TIME OF LATEST TRANSACTION | |
| control field | 20161124121241.0 |
| 008 - FIXED-LENGTH DATA ELEMENTS--GENERAL INFORMATION | |
| fixed length control field | 140616s2015 njua b 001 0 eng d |
| 010 ## - LIBRARY OF CONGRESS CONTROL NUMBER | |
| LC control number | 2014943265 |
| 020 ## - INTERNATIONAL STANDARD BOOK NUMBER | |
| International Standard Book Number | 9780133498608 |
| 020 ## - INTERNATIONAL STANDARD BOOK NUMBER | |
| International Standard Book Number | 0133498603 |
| 035 ## - SYSTEM CONTROL NUMBER | |
| System control number | (OCoLC)ocn869262691 |
| 040 ## - CATALOGING SOURCE | |
| Original cataloging agency | BTCTA |
| Language of cataloging | eng |
| Transcribing agency | BTCTA |
| Modifying agency | YDXCP |
| -- | CDX |
| -- | WSU |
| -- | CHVBK |
| -- | UAB |
| -- | BDX |
| -- | OCLCQ |
| Description conventions | rda |
| Modifying agency | DLC |
| 042 ## - AUTHENTICATION CODE | |
| Authentication code | lccopycat |
| 050 00 - LIBRARY OF CONGRESS CALL NUMBER | |
| Classification number | HF 5691 |
| Item number | .C343 2015 |
| 082 04 - DEWEY DECIMAL CLASSIFICATION NUMBER | |
| Classification number | 650.01/513 |
| 100 1# - MAIN ENTRY--PERSONAL NAME | |
| Personal name | Chambers, Michele. |
| 245 10 - TITLE STATEMENT | |
| Title | Advanced analytics methodologies : |
| Remainder of title | driving business value with analytics / |
| Statement of responsibility, etc | Michele Chambers, Thomas W. Dinsmore. |
| 260 ## - PUBLICATION, DISTRIBUTION, ETC. (IMPRINT) | |
| Place of publication, distribution, etc | New Jersey : |
| Name of publisher, distributor, etc | Pearson Education, |
| Date of publication, distribution, etc | 2015. |
| 300 ## - PHYSICAL DESCRIPTION | |
| Extent | xi, 324 pages : |
| Other physical details | illustrations ; |
| Dimensions | 24 cm |
| 500 ## - GENERAL NOTE | |
| General note | Includes bibliographical references and index. |
| 650 #0 - SUBJECT ADDED ENTRY--TOPICAL TERM | |
| Topical term or geographic name as entry element | Business mathematics. |
| 650 #0 - SUBJECT ADDED ENTRY--TOPICAL TERM | |
| Topical term or geographic name as entry element | Business education |
| General subdivision | Mathematics. |
| 650 #0 - SUBJECT ADDED ENTRY--TOPICAL TERM | |
| Topical term or geographic name as entry element | Business |
| General subdivision | Mathematical models. |
| 650 #7 - SUBJECT ADDED ENTRY--TOPICAL TERM | |
| Topical term or geographic name as entry element | Data Mining. |
| Source of heading or term | gnd |
| 650 #7 - SUBJECT ADDED ENTRY--TOPICAL TERM | |
| Topical term or geographic name as entry element | Datenanalyse. |
| Source of heading or term | gnd |
| 650 #7 - SUBJECT ADDED ENTRY--TOPICAL TERM | |
| Topical term or geographic name as entry element | Business Intelligence. |
| Source of heading or term | gnd |
| 700 1# - ADDED ENTRY--PERSONAL NAME | |
| Personal name | Dinsmore, Thomas W. |
| 906 ## - LOCAL DATA ELEMENT F, LDF (RLIN) | |
| a | 7 |
| b | cbc |
| c | copycat |
| d | 2 |
| e | ncip |
| f | 20 |
| g | y-gencatlg |
| 942 ## - ADDED ENTRY ELEMENTS (KOHA) | |
| Source of classification or shelving scheme | Library of Congress Classification |
| Koha item type | Books |
| Withdrawn status | Lost status | Source of classification or shelving scheme | Damaged status | Home library | Current library | Shelving location | Date acquired | Source of acquisition | Sub Shelving location | Total Checkouts | Full call number | Barcode | Date last seen | Price effective from | Koha item type |
|---|---|---|---|---|---|---|---|---|---|---|---|---|---|---|---|
| Library of Congress Classification | College Library | College Library | Graduate Section | 11/24/2016 | Library Fund | HF 5691 .C343 2015 | C20806 | 05/15/2018 | 11/24/2016 | Books |